000 00489nam a2200169Ia 4500
008 230917s9999||||xx |||||||||||||| ||und||
020 _cUSD43.99
040 _e250409
_aMAIN
041 _aEnglish
082 _a615.19 A54A(5)
100 _aAulton, Michael E, ed.
245 0 _aAulton's pharmaceutics: The design and manufacture of medicines
260 _aEdinburgh
_bElsevier
_c2018
300 _axi, 918 p.
500 _a3290 08/10/2018 PBA18/520 09/10/2018 Main Budget
942 _cBK
999 _c28477
_d28477